Technology on rubber foam.Part.2 (Record no. 70354)

MARC details
000 -LEADER
fixed length control field 00363nam a2200145Ia 4500
100 ## - MAIN ENTRY--AUTHOR NAME
Personal name Majumdar S
245 #0 - TITLE STATEMENT
Title Technology on rubber foam.Part.2
260 ## - PUBLICATION, DISTRIBUTION, ETC. (IMPRINT)
Name of publisher Rubber India
Year of publication 2020
300 ## - PHYSICAL DESCRIPTION
Number of Pages 56-70
650 ## - SUBJECT ADDED ENTRY--TOPICAL TERM
Topical Term LAtex foam cushion
650 ## - SUBJECT ADDED ENTRY--TOPICAL TERM
Topical Term Natural latex coir foam
650 ## - SUBJECT ADDED ENTRY--TOPICAL TERM
Topical Term Rubber foam
942 ## - ADDED ENTRY ELEMENTS (KOHA)
Koha item type Journals
Holdings
Withdrawn status Lost status Damaged status Not for loan Home library Current library Shelving location Date acquired Serial Enumeration / chronology Koha item type
      Journals RRII Library RRII Library Rubber technology 17/12/2021 Volume LXXII, Issue 2 Journals